000 00925nam a2200229 a 4500
001 000024810
005 20200930023402.0
008 110204s1970 mx r 001 0 spa d
040 _aDO-SdBNP
_bspa
_cBNPHU
082 _axxxx
_bS521c
100 1 _aSeymour, Harold J.
_950915
245 1 0 _aCampañas para obtención de fondos :
_bprincipios, patrones, técnicas /
_cHarold J. Seymour ; traducción Agustín Contin ; revisión Milton J. Murray.
260 _aBuenos Aires, México :
_bLimusa-Wiley,
_c1970.
300 _a194 p. ;
_c22.5 cm.
500 _aIncluye notas al pie de las páginas.
500 _aIncluye índice alfabético.
534 _pTítulo original:
_tDesigns for fund raising.
_cMcGraw-Hill, 1966.
700 1 _aContin, Agustin,
_etr.
_945783
700 1 _aMurray, Milton J.
_950916
710 1 _aCentro regional de Ayuda Técnica,
_bAgencia para el Desarrollo Internacional (AID).
_934983
049 _aBNGR
999 _c24303
_d24303